000 00947nam a2200325 a 4500
001 000043775
003 DO-SdBNP
005 20240513201350.0
007 ta
008 140428s1984 dr a r 000 0 spa d
020 _a8449925487
040 _aDO-SdBNP
_bspa
_cBNPHU
082 4 _a301
_bC334h, 1984
_222
100 1 _aCasado M., Lucio
_936878
245 1 0 _aHombre y sociedad :
_btexto de educación social /
_cLucio Casado M.
246 1 4 _aHombre y sociedad
250 _a2a.ed.
260 _aSanto Domingo :
_bCENAPEC,
_c1984.
300 _a328 p. :
_bil. ;
_c22 cm.
504 _aBibliografía : p. 327-328
546 _a
_b
590 _aInventariado, 2018/VM
650 0 _aSociología
_91061
650 0 _aCambio social
_91661
650 4 _aSociología educativa
_953721
650 0 _aClases sociales
_91062
650 4 _aAntropología social
_92424
910 _aVMateo /Validado. Control de calidad. MFF
942 _2ddc
_cLBS1
999 _c49271
_d49271